The end of innocence (Record no. 73548)

MARC details
000 -LEADER
fixed length control field 01048cam a2200229 4500
001 - CONTROL NUMBER
control field ABS67070
008 - FIXED-LENGTH DATA ELEMENTS--GENERAL INFORMATION
fixed length control field 031002n2003 000 0 eng u
035 ## - SYSTEM CONTROL NUMBER
System control number (Sirsi) u123831
100 ## - MAIN ENTRY--PERSONAL NAME
Personal name Harding, C.
245 #4 - TITLE STATEMENT
Title The end of innocence
260 ## - PUBLICATION, DISTRIBUTION, ETC.
Date of publication, distribution, etc. 2003
490 ## - SERIES STATEMENT
Series statement Building
Volume/sequential designation 268(8298) 5 September 2003, 33(1)
520 ## - SUMMARY, ETC.
Summary, etc. Critcises the government approach to pensions. Argues that there is a crisis in state and private pensions for several reasons including failure by the insurance industry to modernise its products and also over regulation by the government. In addition, the government has introduced regulations to prevent employers from winding up final salary schemes which added £300bn to the combined winding up deficit of UK final salary scheme employers.
590 ## - LOCAL NOTE (RLIN)
Local note ABS
650 ## - SUBJECT ADDED ENTRY--TOPICAL TERM
Topical term or geographic name entry element PENSIONS
650 ## - SUBJECT ADDED ENTRY--TOPICAL TERM
Topical term or geographic name entry element PENSION SCHEMES
650 ## - SUBJECT ADDED ENTRY--TOPICAL TERM
Topical term or geographic name entry element FINAL SALARY PENSION SCHEMES
650 ## - SUBJECT ADDED ENTRY--TOPICAL TERM
Topical term or geographic name entry element INSURANCE INDUSTRY
650 ## - SUBJECT ADDED ENTRY--TOPICAL TERM
Topical term or geographic name entry element PROPERTY INVESTMENT
690 ## - LOCAL SUBJECT ADDED ENTRY--TOPICAL TERM (OCLC, RLIN)
Topical term or geographic name as entry element MANAGEMENT-BUSINESS MANAGEMENT-FINANCIAL MANAGEMENT
942 ## - ADDED ENTRY ELEMENTS (KOHA)
Suppress in OPAC 0
Holdings
Withdrawn status Lost status Source of classification or shelving scheme Damaged status Not for loan Home library Current library Shelving location Date acquired Total Checkouts Full call number Barcode Date last seen Copy number Price effective from Koha item type
    Dewey Decimal Classification     London London Journal article 02/10/2003   ABS67070 123831-1001 06/08/2019 1 06/08/2019 Journal article